| 000 | 00584nam a2200181 i 4500 | ||
|---|---|---|---|
| 001 | 137739 | ||
| 003 | ES-MaACL | ||
| 005 | 20230906195430.0 | ||
| 007 | t| | ||
| 008 | 070214s1973 sp |||| | spa d | ||
| 100 | 1 |
_aSalgues de Cargill, Maruxa. _9101918 |
|
| 245 | 1 | 0 |
_aTirano Banderas _b: (estudio crítico-analítico) / _cMaruxa Salgues de Cargill. |
| 260 |
_aJaen : _b[s.n.], _c1973 ( _fGráf. Nova) |
||
| 300 |
_a118 p. ; _c25 cm. |
||
| 600 | 1 | 4 |
_aValle-Inclán, Ramón del, _d1866-1936. _tTirano Banderas _9112808 |
| 852 |
_aES-MaACL _jC-56256 |
||
| 999 |
_c137739 _d137739 |
||